[Event "26th Abu Dhabi Masters"]
[Site "Abu Dhabi UAE"]
[Date "2019.08.03"]
[Round "3.28"]
[White "Nandhidhaa, P V"]
[Black "Ter-Sahakyan, Samvel"]
[Result "0-1"]
[WhiteTitle "WIM"]
[BlackTitle "GM"]
[WhiteElo "2332"]
[BlackElo "2632"]
[WhiteFideId "5050847"]
[BlackFideId "13302531"]
[EventDate "2019.08.02"]

1. e4 c5 2. Nf3 d6 3. d4 cxd4 4. Nxd4 Nf6 5. Nc3 a6 6. Nb3 Nbd7 7. a4 b6 8. f3
h5 9. Bf4 g6 10. Qd2 Bg7 11. O-O-O Bb7 12. Kb1 Qc7 13. Be2 Ne5 14. Bxe5 dxe5 15.
Qe3 O-O 16. g4 Rfc8 17. g5 Nd7 18. Rd2 e6 19. Rhd1 Bc6 20. Bb5 Nb8 21. Bxc6 Nxc6
22. Rd7 Qb8 23. Ne2 Bf8 24. Ng3 Rc7 25. c3 Qc8 26. Qd3 Raa7 27. Rxc7 Rxc7 28.
Nf1 Qb7 29. Ne3 b5 30. a5 Qa7 31. h4 Rb7 32. Nc2 Qb8 33. Qe3 b4 34. c4 Qc7 35.
Nc5 b3 36. Na3 Bxc5 37. Qxc5 Nxa5 38. Qd6 Nxc4 39. Qd8+ Kh7 40. Nxc4 Qxc4 41.
Rc1 Qd4 42. Qf8 Qd3+ 43. Ka1 Rc7 0-1

[Event "26th Abu Dhabi Masters"]
[Site "Abu Dhabi UAE"]
[Date "2019.08.03"]
[Round "3.29"]
[White "Shevchenko, Kirill"]
[Black "Kathmale, Sameer"]
[Result "1/2-1/2"]
[WhiteTitle "GM"]
[BlackTitle "IM"]
[WhiteElo "2556"]
[BlackElo "2326"]
[WhiteFideId "14129574"]
[BlackFideId "5024498"]
[EventDate "2019.08.02"]

1. d4 Nf6 2. c4 g6 3. Nc3 Bg7 4. e4 d6 5. Nf3 O-O 6. Be3 Nbd7 7. Be2 e5 8. O-O
exd4 9. Nxd4 Re8 10. f3 c6 11. Nc2 Nb6 12. Bd4 Be6 13. b3 c5 14. Bf2 Nh5 15. Qd2
f5 16. Rad1 Be5 17. Nd5 Bxd5 18. cxd5 Nf4 19. Bb5 Rf8 20. exf5 Qg5 21. Be3 Kh8
22. g3 a6 23. Bc4 Nxc4 24. bxc4 Nh3+ 25. Kg2 Qxf5 26. Qd3 Qh5 27. Qe4 h6 28. f4
Qg4 29. Kh1 g5 30. Bxc5 gxf4 31. Bd4 Rae8 32. gxf4 Rxf4 33. Qg2 Bxd4 34. Qxg4
Rxg4 35. Rxd4 Ree4 36. Rxe4 Rxe4 37. Rf6 Kg7 38. Rf3 Rxc4 39. Ne3 Rc1+ 40. Kg2
Ng5 41. Rf4 Ra1 42. a4 Ra2+ 43. Kf1 Rxh2 44. Rb4 b5 45. axb5 axb5 46. Nf5+ Kf6
47. Nxd6 Ke5 48. Nxb5 Kxd5 49. Nc3+ Ke5 50. Rg4 Kf5 51. Rg2 Rh1+ 52. Ke2 h5 53.
Nd5 h4 54. Rf2+ Ke5 55. Ne3 Nh3 56. Ng4+ Ke4 57. Rh2 Rxh2+ 58. Nxh2 Ng5 59. Kf2
Kf4 60. Kg2 h3+ 61. Kg1 Ke3 62. Ng4+ Kf3 63. Nf2 h2+ 64. Kxh2 1/2-1/2

[Event "26th Abu Dhabi Masters"]
[Site "Abu Dhabi UAE"]
[Date "2019.08.03"]
[Round "3.47"]
[White "Sharma, Isha"]
[Black "Assaubayeva, Bibisara"]
[Result "0-1"]
[WhiteTitle "WCM"]
[BlackTitle "FM"]
[WhiteElo "2078"]
[BlackElo "2375"]
[WhiteFideId "35006665"]
[BlackFideId "13708694"]
[EventDate "2019.08.02"]

1. e4 c5 2. Nf3 d6 3. Bb5+ Nd7 4. O-O a6 5. Bd3 Ngf6 6. Re1 b5 7. c4 Rb8 8. Nc3
b4 9. Ne2 g6 10. b3 Bg7 11. Bb2 e5 12. Bc2 O-O 13. Ng3 Ne8 14. h3 h5 15. Nh2 Bh6
16. Ngf1 Ng7 17. Ne3 f5 18. d3 Nf6 19. Qe2 f4 20. Nd5 g5 21. f3 Nge8 22. Bd1 Rb7
23. a3 bxa3 24. Rxa3 Rg7 25. Qf2 g4 26. hxg4 hxg4 27. fxg4 Nxg4 28. Bxg4 Bxg4
29. Kf1 Kh7 30. Rxa6 f3 31. Nxf3 Qc8 32. Rea1 Bxf3 33. gxf3 Qh3+ 34. Ke1 Rxf3 0-1

[Event "26th Abu Dhabi Masters"]
[Site "Abu Dhabi UAE"]
[Date "2019.08.03"]
[Round "3.51"]
[White "Wagh, Suyog"]
[Black "Kryvoruchko, Yuriy"]
[Result "0-1"]
[WhiteTitle "FM"]
[BlackTitle "GM"]
[WhiteElo "2253"]
[BlackElo "2686"]
[WhiteFideId "25071688"]
[BlackFideId "14109182"]
[EventDate "2019.08.02"]

1. d4 g6 2. c4 Bg7 3. Nc3 d6 4. g3 Nc6 5. Nf3 Nf6 6. Bg2 O-O 7. O-O a6 8. Qd3 e5
9. dxe5 dxe5 10. Qxd8 Rxd8 11. Bg5 Be6 12. Nd2 h6 13. Bxf6 Rxd2 14. Bxg7 Kxg7
15. Bxc6 bxc6 16. b3 Rad8 17. f3 g5 18. Rfd1 R2d6 19. Kf2 f5 20. Ke1 Kf6 21. Na4
h5 22. Nc5 Bc8 23. h3 h4 24. g4 e4 25. gxf5 Rxd1+ 26. Rxd1 Rxd1+ 27. Kxd1 e3 28.
Kc2 Kxf5 29. Nd3 Kf6 30. Kc3 Bxh3 31. Kd4 Bf5 32. Kxe3 Bxd3 33. exd3 c5 0-1

[Event "26th Abu Dhabi Masters"]
[Site "Abu Dhabi UAE"]
[Date "2019.08.03"]
[Round "3.58"]
[White "Srijit, Paul"]
[Black "Priyanka, K"]
[Result "1-0"]
[WhiteElo "2304"]
[BlackElo "2201"]
[WhiteFideId "5094798"]
[BlackFideId "5082986"]
[EventDate "2019.08.02"]

1. e4 c5 2. Nf3 d6 3. d4 cxd4 4. Nxd4 Nf6 5. Nc3 a6 6. h3 e5 7. Nde2 h5 8. g3
Be6 9. Bg2 Nbd7 10. a4 Be7 11. Rf1 Rc8 12. Be3 Nb6 13. b3 d5 14. Bxb6 Qxb6 15.
Nxd5 Nxd5 16. exd5 Bd7 17. c4 f5 18. d6 Bf6 19. Nc3 e4 20. Nd5 Qxd6 21. Nxf6+
Qxf6 22. f3 f4 23. fxe4 Qb6 24. g4 1-0

[Event "26th Abu Dhabi Masters"]
[Site "Abu Dhabi UAE"]
[Date "2019.08.03"]
[Round "3.59"]
[White "Pranesh, M"]
[Black "Arjun, C Krishnamachari"]
[Result "1-0"]
[WhiteTitle "FM"]
[WhiteElo "2296"]
[BlackElo "2172"]
[WhiteFideId "35028600"]
[BlackFideId "46653252"]
[EventDate "2019.08.02"]

1. e4 e5 2. Nf3 Nc6 3. Bb5 d6 4. d4 exd4 5. Nxd4 Bd7 6. Nc3 Nf6 7. Be3 Be7 8. f3
h6 9. Qd2 Nxd4 10. Bxd4 Bxb5 11. Nxb5 a6 12. Nc3 O-O 13. O-O-O b5 14. Kb1 b4 15.
Ne2 Qc8 16. g4 Nd7 17. Ng3 Ne5 18. Nf5 Qe6 19. Qg2 Bf6 20. g5 hxg5 21. h4 g4 22.
f4 Nc4 23. Qxg4 c5 24. Bxf6 Qxf6 25. e5 dxe5 26. Nxg7 Qxf4 27. Qe2 Kxg7 28.
Rhg1+ Kh6 29. Rg5 Qxh4 30. Rgg1 Qh5 31. Rh1 1-0

[Event "26th Abu Dhabi Masters"]
[Site "Abu Dhabi UAE"]
[Date "2019.08.03"]
[Round "3.66"]
[White "Ayyad, Husain"]
[Black "Pranav, Anand"]
[Result "0-1"]
[WhiteTitle "FM"]
[BlackTitle "FM"]
[WhiteElo "2231"]
[BlackElo "2347"]
[WhiteFideId "11200243"]
[BlackFideId "46626786"]
[EventDate "2019.08.02"]

1. e4 c5 2. Nf3 Nc6 3. d4 cxd4 4. Nxd4 Nf6 5. Nc3 e5 6. Nb3 Bb4 7. Bc4 O-O 8.
O-O d6 9. Nd5 Nxd5 10. Bxd5 Be6 11. Be3 Rc8 12. a3 Ba5 13. Nxa5 Nxa5 14. b3 b6
15. Rc1 Rc7 16. Qd3 Re8 17. c4 Qc8 18. f4 Bxd5 19. cxd5 exf4 20. Bxf4 Nb7 21. b4
f6 22. Rxc7 Qxc7 23. Rc1 Qe7 24. Bg3 h5 25. Rc4 Nd8 26. Qc2 Nf7 27. Rc8 Qd7 28.
Rc7 Qg4 29. Rxa7 h4 30. Bf2 Ng5 31. h3 Nxh3+ 32. Kh2 Nf4 33. Be1 Ne2 34. Qc7
Qf4+ 35. Kh1 Qf1+ 36. Kh2 Qg1+ 37. Kh3 Qh1+ 38. Kg4 Qxg2+ 0-1

[Event "26th Abu Dhabi Masters"]
[Site "Abu Dhabi UAE"]
[Date "2019.08.03"]
[Round "3.74"]
[White "Wang, Shanshan"]
[Black "Bartel, Marta"]
[Result "1/2-1/2"]
[BlackTitle "WGM"]
[WhiteElo "2122"]
[BlackElo "2244"]
[WhiteFideId "8605262"]
[BlackFideId "1123009"]
[EventDate "2019.08.02"]

1. e4 d6 2. d4 g6 3. Nc3 Bg7 4. Nf3 c6 5. a4 Nf6 6. Bc4 O-O 7. Bb3 a5 8. O-O Na6
9. h3 Nc7 10. Re1 d5 11. e5 Nfe8 12. Nh2 b5 13. f4 b4 14. Ne2 f5 15. Be3 Ne6 16.
Qd2 Qb6 17. Nc1 N8c7 18. Nf3 Ba6 19. Nd3 Qb8 20. Kf2 Bh6 21. g3 Qa7 22. Kg2 Rad8
23. Rad1 Kh8 24. Qf2 Qa8 25. Kh2 Bc4 26. h4 Bg7 27. Ng5 Bxd3 28. cxd3 Nxg5 29.
hxg5 Ne6 30. Rh1 Kg8 31. Kg1 Qa7 32. Rc1 Qb6 33. Kf1 Rfe8 34. Ke2 Nf8 35. Kf3
Rc8 36. Rc5 e6 37. Rc2 Rc7 38. Rhc1 Rec8 39. Kg2 Qb7 40. Kg1 Qb6 41. Kg2 Qb7 42.
Kg1 Qb6 1/2-1/2

[Event "26th Abu Dhabi Masters"]
[Site "Abu Dhabi UAE"]
[Date "2019.08.04"]
[Round "4.5"]
[White "Bai, Jinshi"]
[Black "Salem, A.R. Saleh"]
[Result "0-1"]
[WhiteTitle "GM"]
[BlackTitle "GM"]
[WhiteElo "2599"]
[BlackElo "2668"]
[WhiteFideId "8602280"]
[BlackFideId "9301348"]
[EventDate "2019.08.02"]

1. d4 Nf6 2. c4 g6 3. Nc3 Bg7 4. e4 d6 5. Nf3 O-O 6. Be2 e5 7. dxe5 dxe5 8. O-O
Nc6 9. Bg5 Bg4 10. Qxd8 Nxd8 11. Bxf6 Bxf6 12. Nd5 Bxf3 13. gxf3 Kg7 14. Nxc7
Rc8 15. Nd5 Ne6 16. Rfc1 Nd4 17. Kf1 Bg5 18. Rc3 f5 19. Rd1 fxe4 20. fxe4 Rf7
21. f3 Rcf8 22. Rdd3 Bf4 23. h3 Kh6 24. Bd1 Kg5 25. b4 Kh4 26. Kg2 g5 27. a4 h5
28. b5 Bg3 29. Ne3 Ne6 30. Rd6 Nf4+ 31. Kh1 Bf2 32. Nf5+ Rxf5 33. exf5 Bc5 34.
Rd7 Kxh3 35. Bc2 Ne2 36. f4+ Nxc3 37. Rd3+ Kh4 38. fxg5 Rxf5 39. Rxc3 Rf1+ 40.
Kg2 Rf2+ 41. Kh1 Bd4 42. g6 e4 0-1

[Event "26th Abu Dhabi Masters"]
[Site "Abu Dhabi UAE"]
[Date "2019.08.04"]
[Round "4.6"]
[White "Can, Emre"]
[Black "Volokitin, Andrei"]
[Result "0-1"]
[WhiteTitle "GM"]
[BlackTitle "GM"]
[WhiteElo "2593"]
[BlackElo "2636"]
[WhiteFideId "6302181"]
[BlackFideId "14107090"]
[EventDate "2019.08.02"]

1. d4 Nf6 2. c4 e6 3. Nf3 d5 4. Nc3 dxc4 5. Qa4+ c6 6. Qxc4 b5 7. Qd3 Bb7 8. e4
b4 9. Na4 Nbd7 10. Be3 Qa5 11. b3 Be7 12. Nd2 O-O 13. Rc1 c5 14. dxc5 Bc6 15.
Qa6 Qc7 16. Be2 Rab8 17. O-O Ng4 18. g3 Nxe3 19. fxe3 Bg5 20. Kf2 Rfd8 21. Nf3
Be7 22. Nd4 Bxa4 23. Qxa4 Nxc5 24. Rxc5 Qxc5 25. Nc6 Bg5 26. Nxd8 Qxe3+ 27. Ke1
Rxd8 0-1

[Event "26th Abu Dhabi Masters"]
[Site "Abu Dhabi UAE"]
[Date "2019.08.04"]
[Round "4.8"]
[White "Yakubboev, Nodirbek"]
[Black "Bartel, Mateusz"]
[Result "1/2-1/2"]
[WhiteTitle "GM"]
[BlackTitle "GM"]
[WhiteElo "2574"]
[BlackElo "2612"]
[WhiteFideId "14203987"]
[BlackFideId "1112635"]
[EventDate "2019.08.02"]

1. d4 d5 2. Nf3 c6 3. c4 e6 4. e3 Nf6 5. b3 Ne4 6. Bd3 Bb4+ 7. Nbd2 f5 8. Ne5
O-O 9. O-O Nd7 10. Ndf3 Qf6 11. Bb2 Bd6 12. Qe2 Qh6 13. b4 Bxb4 14. a4 Bd6 15.
Ba3 c5 16. cxd5 exd5 17. Qa2 Ndf6 18. dxc5 Nxc5 19. Bxc5 Bxc5 20. Qc2 Bd6 21.
Bxf5 Bxf5 22. Qxf5 Ne4 23. Qd7 Rae8 24. Nf7 Rxf7 25. Qxe8+ Rf8 26. Qb5 Nc3 27.
Qb2 Rxf3 28. h3 d4 29. gxf3 Qxh3 30. f4 Qg4+ 31. Kh2 Qh4+ 32. Kg2 Qg4+ 33. Kh2
Ne2 34. Qb5 Qh4+ 35. Kg2 Qg4+ 36. Kh2 Bxf4+ 37. exf4 Qh4+ 38. Kg2 Qg4+ 39. Kh2
Qxf4+ 40. Kg2 Qg4+ 41. Kh2 Qh4+ 42. Kg2 Qg4+ 1/2-1/2

[Event "26th Abu Dhabi Masters"]
[Site "Abu Dhabi UAE"]
[Date "2019.08.04"]
[Round "4.10"]
[White "Zubov, Alexander"]
[Black "Santos Ruiz, Miguel"]
[Result "1/2-1/2"]
[WhiteTitle "GM"]
[BlackTitle "GM"]
[WhiteElo "2607"]
[BlackElo "2567"]
[WhiteFideId "14109409"]
[BlackFideId "22291482"]
[EventDate "2019.08.02"]

1. e4 e5 2. Nf3 Nc6 3. Bb5 Nf6 4. d3 Bc5 5. Nc3 a6 6. Bxc6 dxc6 7. Nxe5 Qd4 8.
Be3 Qxe5 9. d4 Qe7 10. dxc5 Nxe4 11. Qd4 Bf5 12. O-O-O O-O 13. Nxe4 Qxe4 14.
Qxe4 Bxe4 15. f3 Bd5 16. Rhe1 Rfe8 17. Bf4 f6 18. Bxc7 Rxe1 19. Rxe1 Kf7 20. Kd2
Re8 21. Rd1 Ke6 22. Rf1 Kd7 23. Bg3 Kc8 24. b3 Bf7 25. c4 Bg6 26. Rf2 Bf5 27.
Bd6 Bb1 28. Kc3 Re3+ 29. Kb4 Bd3 30. Rd2 Bf1 31. Bf8 Re2 32. Rd1 Bxg2 33. Bxg7
Bxf3 34. Rf1 Be4 35. Rxf6 Rxa2 36. Rf8+ Kd7 37. Be5 a5+ 38. Kc3 1/2-1/2

[Event "26th Abu Dhabi Masters"]
[Site "Abu Dhabi UAE"]
[Date "2019.08.04"]
[Round "4.14"]
[White "Soumya, Swaminathan"]
[Black "Esipenko, Andrey"]
[Result "0-1"]
[WhiteTitle "WGM"]
[BlackTitle "GM"]
[WhiteElo "2377"]
[BlackElo "2625"]
[WhiteFideId "5016193"]
[BlackFideId "24175439"]
[EventDate "2019.08.02"]

1. e4 c6 2. d4 d5 3. e5 Bf5 4. Nd2 e6 5. Nb3 Nd7 6. Nf3 Qc7 7. Be2 c5 8. c3 h6
9. dxc5 Bxc5 10. Nxc5 Nxc5 11. Nd4 Ne7 12. Nxf5 Nxf5 13. g4 Nh4 14. Qd4 h5 15.
gxh5 Nf5 16. Qb4 a6 17. Kf1 O-O-O 18. Bg5 Ne4 19. Bxd8 Rxd8 20. Bd3 Qxe5 21. Re1
Nfd6 22. Re2 Qxh5 23. Bxe4 Nxe4 24. Qd4 Qh3+ 25. Ke1 Qg2 26. Rf1 Ng5 27. Qc5+
Kb8 28. f4 Nf3+ 29. Rxf3 Qxf3 30. Qe7 Rh8 31. Qxf7 Qh1+ 32. Kd2 Qb1 33. Qxe6
Qxb2+ 34. Kd3 Qb1+ 35. Kd4 Qb5 36. Qe5+ Ka8 37. Rg2 Rh3 38. Qe2 Qb6+ 39. Kxd5
Re3 40. Qb2 Qc6+ 41. Kd4 Qe4+ 42. Kc5 Rd3 43. Rg5 Rd8 44. Re5 Rc8+ 45. Kb6 Qxf4
46. Qe2 Rc6+ 47. Ka5 b6+ 48. Kxa6 Qa4+ 0-1

[Event "26th Abu Dhabi Masters"]
[Site "Abu Dhabi UAE"]
[Date "2019.08.04"]
[Round "4.19"]
[White "Assaubayeva, Bibisara"]
[Black "Idani, Pouya"]
[Result "1/2-1/2"]
[WhiteTitle "FM"]
[BlackTitle "GM"]
[WhiteElo "2375"]
[BlackElo "2581"]
[WhiteFideId "13708694"]
[BlackFideId "12510130"]
[EventDate "2019.08.02"]

1. Nf3 c5 2. c4 Nc6 3. d4 cxd4 4. Nxd4 g6 5. Nc2 Bg7 6. e4 d6 7. Be2 Be6 8. O-O
Rc8 9. Ne3 Nf6 10. f3 O-O 11. Nc3 Nd7 12. Bd2 Nd4 13. Kh1 a6 14. a4 Nc5 15. Ra3
f5 16. b4 Nd7 17. Ned5 Bxd5 18. Nxd5 e6 19. Nf4 fxe4 20. fxe4 Ne5 21. Bc3 Nxe2
22. Qxe2 Qe7 23. Rb3 Nxc4 24. Bxg7 Kxg7 25. Rbf3 Ne5 26. R3f2 Rf7 27. Qa2 Kg8
28. Kg1 Re8 29. h3 b5 30. axb5 axb5 31. Kh1 Qd7 32. Qb3 Qe7 33. Kg1 g5 34. Nd3
Rxf2 35. Rxf2 Qg7 36. Nxe5 Qxe5 37. Qf3 Qg7 38. Qd3 Qe5 39. Qf3 Kh8 40. Qf7 Ra8
41. Rf1 g4 42. hxg4 Qxe4 43. Qf6+ 1/2-1/2

[Event "26th Abu Dhabi Masters"]
[Site "Abu Dhabi UAE"]
[Date "2019.08.04"]
[Round "4.26"]
[White "Bajarani, Ulvi"]
[Black "Pranav, V"]
[Result "1/2-1/2"]
[WhiteTitle "GM"]
[WhiteElo "2515"]
[BlackElo "2316"]
[WhiteFideId "13403028"]
[BlackFideId "25060783"]
[EventDate "2019.08.02"]

1. d4 Nf6 2. c4 e6 3. Nc3 Bb4 4. e3 O-O 5. Bd3 d5 6. Nf3 b6 7. cxd5 exd5 8. O-O
Bb7 9. Bd2 Re8 10. Ne5 Bd6 11. f4 c5 12. Bb5 Re6 13. Be1 a6 14. Ba4 Be7 15. Bg3
cxd4 16. exd4 b5 17. f5 Rb6 18. Bb3 Nc6 19. Nxc6 Bxc6 20. Rc1 Qd7 21. Be5 a5 22.
Bc2 h6 23. h3 a4 24. Bd3 Re8 25. b3 Bd8 26. b4 a3 27. Nb1 Qa7 28. Nxa3 Ra6 29.
Rc3 Ne4 30. Bxe4 dxe4 31. f6 e3 32. Rxe3 Bxf6 33. Rxf6 gxf6 34. Rg3+ Kf8 35. Bf4
Re4 36. Bxh6+ Ke7 1/2-1/2

[Event "26th Abu Dhabi Masters"]
[Site "Abu Dhabi UAE"]
[Date "2019.08.04"]
[Round "4.29"]
[White "Kryvoruchko, Yuriy"]
[Black "Ilyasli, Ughur"]
[Result "1-0"]
[WhiteTitle "GM"]
[BlackTitle "CM"]
[WhiteElo "2686"]
[BlackElo "2131"]
[WhiteFideId "14109182"]
[BlackFideId "13416197"]
[EventDate "2019.08.02"]

1. e4 e5 2. Bc4 Nc6 3. d3 Bc5 4. Nc3 Nf6 5. f4 d6 6. Nf3 Bg4 7. Na4 Bxf3 8. Qxf3
Nd4 9. Qd1 b5 10. Nxc5 bxc4 11. Na4 Qd7 12. c3 Ne6 13. f5 Nc5 14. Nxc5 dxc5 15.
dxc4 Qxd1+ 16. Kxd1 Nxe4 17. Re1 O-O-O+ 18. Kc2 Nd6 19. Rxe5 Rhe8 20. Bf4 Nxc4
21. Ree1 Nd6 22. Rad1 Rxe1 23. Rxe1 Nxf5 24. Re5 Nh4 25. Bg5 Ng6 26. Rxc5 Rd7
27. b4 Ne7 28. c4 g6 29. Bd2 Nf5 30. Re5 Kb7 31. a4 h5 32. h3 f6 33. Re1 g5 34.
Kc3 g4 35. hxg4 hxg4 36. Re4 g3 1-0

[Event "26th Abu Dhabi Masters"]
[Site "Abu Dhabi UAE"]
[Date "2019.08.04"]
[Round "4.47"]
[White "Salonika, Saina"]
[Black "Agmanov, Zhandos"]
[Result "0-1"]
[WhiteTitle "WFM"]
[BlackTitle "IM"]
[WhiteElo "2068"]
[BlackElo "2402"]
[WhiteFideId "25013971"]
[BlackFideId "13708309"]
[EventDate "2019.08.02"]

1. e4 e6 2. d4 d5 3. Nc3 Nf6 4. Bg5 Bb4 5. e5 h6 6. Be3 Ne4 7. Ne2 c5 8. a3 Ba5
9. dxc5 Nc6 10. b4 Nxc3 11. Nxc3 Bc7 12. Bb5 Bxe5 13. Bd4 Qf6 14. Ne2 O-O 15.
Bxc6 bxc6 16. Bxe5 Qxe5 17. O-O Qf6 18. f4 Ba6 19. Qd2 Bc4 20. Rab1 a5 21. Rfe1
axb4 22. axb4 Bxe2 23. Rxe2 Ra2 24. g3 Rfa8 25. Rb3 Qf5 26. Kg2 h5 27. h4 g6 28.
Qe3 R8a4 29. Qd2 Kh7 30. Qc3 Kg8 31. Qd2 Kh7 32. Qc3 Ra1 33. Qe5 Qg4 34. Rbe3
Rc1 35. Qf6 Ra7 36. b5 Kg8 37. bxc6 0-1

[Event "26th Abu Dhabi Masters"]
[Site "Abu Dhabi UAE"]
[Date "2019.08.04"]
[Round "4.54"]
[White "Tabada, Jobannie C."]
[Black "Nandhidhaa, P V"]
[Result "0-1"]
[BlackTitle "WIM"]
[WhiteElo "2216"]
[BlackElo "2332"]
[WhiteFideId "5206073"]
[BlackFideId "5050847"]
[EventDate "2019.08.02"]

1. e4 c5 2. Nf3 e6 3. d4 cxd4 4. Nxd4 Nc6 5. Nc3 Qc7 6. Be3 Nf6 7. Bd3 a6 8. O-O
Be7 9. Nb3 b5 10. f4 d6 11. Qf3 Bb7 12. a4 b4 13. Ne2 O-O 14. Qh3 e5 15. Ng3
exf4 16. Rxf4 Ne5 17. Nd4 Ng6 18. Ndf5 d5 19. e5 Qxe5 20. Raf1 Bc8 21. Nh5 Nxh5
22. Qxh5 Bxf5 23. Bxf5 Qxe3+ 24. Kh1 Bf6 25. R1f3 Qc1+ 26. Rf1 Qxb2 27. g4 b3
28. cxb3 Rac8 29. g5 Bd4 30. Qf3 Nh4 31. Qh3 Rc3 32. Qxh4 Rd3 0-1

[Event "26th Abu Dhabi Masters"]
[Site "Abu Dhabi UAE"]
[Date "2019.08.04"]
[Round "4.62"]
[White "Nguyen, Anh Khoi"]
[Black "Ajay, Karthikeyan"]
[Result "1-0"]
[WhiteTitle "IM"]
[BlackTitle "FM"]
[WhiteElo "2529"]
[BlackElo "2213"]
[WhiteFideId "12404675"]
[BlackFideId "35011685"]
[EventDate "2019.08.02"]

1. d4 e5 2. c4 d6 3. Nc3 Nd7 4. Nf3 Be7 5. Bg5 Ngf6 6. e3 O-O 7. Be2 c6 8. Qc2
Qc7 9. O-O Re8 10. Rfd1 a6 11. Rac1 b6 12. h3 Bb7 13. Bh4 h6 14. Bg3 Rad8 15. c5
exd4 16. cxb6 Nxb6 17. Nxd4 c5 18. Nf5 Bf8 19. b4 cxb4 20. Ne4 Qxc2 21. Nxf6+
gxf6 22. Rxc2 Be4 23. Bd3 Bxd3 24. Rxd3 d5 25. Rc6 Re6 26. Rxb6 Rxb6 27. Bc7
Rbb8 28. Bxb8 Rxb8 29. Rxd5 Kh7 30. g4 b3 31. axb3 Rxb3 32. Rd7 Kg6 33. Rd8 Bc5
34. Rg8+ Kh7 35. Rg7+ Kh8 36. Rxf7 a5 37. Rc7 Rc3 38. Ng3 Rc1+ 39. Kg2 Bxe3 40.
Rd7 Bf4 41. Nh5 Be5 42. f4 Bb2 43. Ra7 Rc2+ 44. Kf3 Rc5 45. Ra6 Kh7 46. f5 Rc3+
47. Kg2 Rc2+ 48. Kg3 Be5+ 49. Kh4 Rc7 50. Nxf6+ Bxf6+ 51. Rxf6 Ra7 52. Kh5 a4
53. Rxh6+ Kg8 54. Rc6 a3 55. Rc1 a2 56. Ra1 Kg7 57. g5 Ra5 58. f6+ Kf7 59. Kh6
Ra4 60. g6+ Kxf6 61. Rf1+ Ke7 62. g7 Rh4+ 63. Kg6 Rxh3 64. g8=Q Rg3+ 65. Kh7
Rh3+ 66. Kg7 Rg3+ 67. Kh8 Rh3+ 68. Qh7+ Rxh7+ 69. Kxh7 1-0

[Event "26th Abu Dhabi Masters"]
[Site "Abu Dhabi UAE"]
[Date "2019.08.04"]
[Round "4.67"]
[White "Srija, Seshadri"]
[Black "Adnan, Habib"]
[Result "1-0"]
[WhiteTitle "WIM"]
[WhiteElo "2284"]
[BlackElo "2197"]
[WhiteFideId "5055903"]
[BlackFideId "11202270"]
[EventDate "2019.08.02"]

1. e4 e6 2. d4 d5 3. Nd2 Nf6 4. e5 Nfd7 5. Bd3 c5 6. c3 Nc6 7. Ne2 cxd4 8. cxd4
f6 9. exf6 Nxf6 10. Nf3 Bd6 11. O-O Qc7 12. h3 O-O 13. Be3 Bd7 14. Re1 a6 15.
Rc1 h6 16. Nc3 b5 17. Ne5 Be8 18. f4 g5 19. fxg5 hxg5 20. Bxg5 Qg7 21. Bxf6 Rxf6
22. Ng4 Rf8 23. Rxe6 Bf4 24. Nxd5 Bxc1 25. Ndf6+ Rxf6 26. Nxf6+ Kf7 27. d5 Qg5
28. Nxe8 Nd4 29. Bg6+ 1-0

[Event "26th Abu Dhabi Masters"]
[Site "Abu Dhabi UAE"]
[Date "2019.08.05"]
[Round "5.1"]
[White "Salem, A.R. Saleh"]
[Black "Jobava, Baadur"]
[Result "0-1"]
[WhiteTitle "GM"]
[BlackTitle "GM"]
[WhiteElo "2668"]
[BlackElo "2584"]
[WhiteFideId "9301348"]
[BlackFideId "13601520"]
[EventDate "2019.08.02"]

1. d4 d5 2. c4 c6 3. Nf3 Nf6 4. Nc3 dxc4 5. e4 b5 6. Be2 Bg4 7. e5 Nd5 8. h3
Bxf3 9. Bxf3 e6 10. a4 Bb4 11. Bd2 Bxc3 12. bxc3 O-O 13. O-O Nd7 14. axb5 cxb5
15. Bxd5 exd5 16. Ra6 Nb6 17. Qb1 Qd7 18. f4 f5 19. Qb4 Rfb8 20. Re1 Rb7 21. e6
Qe8 22. Qb1 g6 23. g4 Qe7 24. gxf5 Qh4 25. Re2 Qxh3 26. f6 Qg4+ 27. Rg2 Qxe6 28.
f5 Qxf6 29. Ra2 Re8 30. Bf4 Rf8 31. Rg5 Nd7 32. Rag2 b4 33. fxg6 h6 34. g7 Re8
35. R5g4 Re4 36. Bg5 Qe6 37. Rxe4 Qxe4 38. Qd1 hxg5 39. Re2 Qg4+ 0-1

[Event "26th Abu Dhabi Masters"]
[Site "Abu Dhabi UAE"]
[Date "2019.08.05"]
[Round "5.2"]
[White "Petrosyan, Manuel"]
[Black "Ni, Hua"]
[Result "1/2-1/2"]
[WhiteTitle "GM"]
[BlackTitle "GM"]
[WhiteElo "2592"]
[BlackElo "2668"]
[WhiteFideId "13300857"]
[BlackFideId "8601160"]
[EventDate "2019.08.02"]

1. d4 d5 2. Nf3 Nf6 3. c4 c6 4. e3 g6 5. Nbd2 Bg7 6. Be2 O-O 7. O-O Bf5 8. b4
Nbd7 9. a4 a5 10. b5 c5 11. Bb2 dxc4 12. Nxc4 Be6 13. Rc1 Rc8 14. dxc5 Rxc5 15.
Ba3 Rc8 16. Nd4 Bd5 17. Nb3 Bxc4 18. Bxc4 Re8 19. b6 Qxb6 20. Bb5 Bf8 21. Qd2 e5
22. Bxf8 Rxf8 23. Qxa5 Qd6 24. Rcd1 Qa3 25. Nd2 Qc5 26. Nc4 Ra8 27. Qd2 Nb6 28.
Nxb6 Qxb6 29. Qc3 e4 30. Rd4 Rac8 31. Qb2 Rfd8 32. Rfd1 Rxd4 33. Rxd4 Qa5 34.
Rd1 Qc3 35. Qxc3 Rxc3 36. h3 Kf8 37. g4 g5 38. Rd8+ Kg7 39. Kg2 Rc7 40. Rd4 Re7
41. Be2 Rd7 42. Rb4 Nd5 43. Rxe4 Nc3 44. Bb5 Nxb5 45. axb5 Rd5 46. Rb4 b6 47. f4
h5 48. Kf3 hxg4+ 49. hxg4 gxf4 50. exf4 Kg6 51. Ke4 Rc5 52. Rb1 f5+ 53. gxf5+
Kf6 54. Rd1 Rxb5 55. Rd6+ Kf7 56. Rc6 Rb4+ 57. Kf3 Rb1 58. Ke4 1/2-1/2

[Event "26th Abu Dhabi Masters"]
[Site "Abu Dhabi UAE"]
[Date "2019.08.05"]
[Round "5.3"]
[White "Abdusattorov, Nodirbek"]
[Black "Maghsoodloo, Parham"]
[Result "0-1"]
[WhiteTitle "GM"]
[BlackTitle "GM"]
[WhiteElo "2594"]
[BlackElo "2656"]
[WhiteFideId "14204118"]
[BlackFideId "12539929"]
[EventDate "2019.08.02"]

1. d4 Nf6 2. c4 e6 3. Nf3 d5 4. Nc3 dxc4 5. e4 b5 6. e5 Nd5 7. Nxb5 Nb6 8. Be2
Nc6 9. O-O Be7 10. Qc2 O-O 11. Qe4 Bb7 12. Na3 Kh8 13. Rd1 Rb8 14. Qg4 Nb4 15.
Bd2 Nd3 16. Bc3 Bd5 17. Nxc4 Nxf2 18. Kxf2 Bxc4 19. Bxc4 Nxc4 20. b3 Nb6 21.
Rac1 Nd5 22. Bd2 Rb6 23. Qe4 f5 24. exf6 gxf6 25. Re1 Qe8 26. Re2 Ra6 27. a4 Qg6
28. Qxg6 hxg6 29. Rce1 Rb6 30. Rxe6 Bd6 31. Re8 Rxb3 32. Rxf8+ Bxf8 33. Re8 Kg7
34. Ra8 Rb7 35. a5 c6 36. h4 Bd6 37. Rc8 Rc7 38. Rd8 Be7 39. Rb8 Bd6 40. a6 Rf7
41. Rb7 Bc7 42. g4 Bb6 43. h5 g5 44. Rb8 Nc7 45. Rc8 Rf8 46. Rxf8 Kxf8 47. Ke3
Nxa6 48. Ke4 Nc7 49. Bb4+ Kf7 50. Nd2 a5 51. Ba3 Nb5 52. Bb2 Bc7 53. Kd3 a4 54.
Kc4 Bf4 55. Nb1 Be3 56. Kd3 Bf2 57. Ke4 Be1 58. h6 Kg6 59. d5 Nd6+ 60. Kd3 cxd5
61. h7 Nf7 62. Na3 Bg3 63. Nb5 Be5 64. Nc3 Bxc3 65. Bxc3 Kg7 66. Kc2 Ne5 67. Kb2
Kxh7 68. Ka3 Nxg4 69. Kxa4 f5 70. Kb4 f4 0-1